| 000 | 01533nam a22002417a 4500 | ||
|---|---|---|---|
| 999 |
_c184655 _d184655 |
||
| 005 | 20220810152413.0 | ||
| 010 | _aB-742527 B-745145 HIN-21-22 | ||
| 020 |
_a9789354868559 _c250.00 |
||
| 035 | _aB-742527 | ||
| 035 | _aB-745145 | ||
| 037 |
_bडायमंड बुक्स _a |
||
| 037 | _bउपहार | ||
| 082 | _aक | ||
| 245 |
_a21(इक्कीस) श्रेष्ठ नारीमन की कहानियां पंजाब / _cजसविन्दर कौर बिंद्रा द्वारा संपादित व अनुवादित |
||
| 260 |
_bडायमंड बुक्स _aनई दिल्ली _c2022 |
||
| 270 |
_aX-30, ओखला इंडस्ट्रियल एरिया , फेज -II, _bनई दिल्ली _e110020 _k011-40712200 _mebooks@dpb.in |
||
| 300 |
_a254पृ. _c22 सेमी(अजिल्द) |
||
| 500 | _aभारत कथा माला | ||
| 700 | _aबिंद्रा ,जसविन्दर कौर | ||
| 942 |
_2ddc _cHN _mइक्कीस _hक |
||